| 000 | 00924nam a2200253 a 4500 | ||
|---|---|---|---|
| 001 | 54860 | ||
| 003 | BD-RjUL | ||
| 005 | 20211209080158.0 | ||
| 008 | 161112s1998 bg ||||| |||| 00| 0 ben d | ||
| 020 | _c: TK 200.00 | ||
| 035 | _a(BD-RjUL)54982 | ||
| 040 |
_aBD-RjUL _bben _cBD-RjUL |
||
| 041 | _aben | ||
| 082 |
_223 _a297.124 _bRAB 1998 |
||
| 100 |
_a রহঃ, হাফিয ইবনে হাজার আসক্কালানী _9163537 |
||
| 245 | 1 | 0 |
_aবুলূগুল মারাম / _cহাফিয ইবনে হাজা আসক্কালানী রহঃ |
| 250 | _a২য় সং. | ||
| 260 |
_aঢাকা : _bমুহাম্মদ মিসবাহউদ্দীন, _c১৯৯৮ |
||
| 300 |
_a খণ্ড. ; _c২৩ সেমি. |
||
| 505 | _aখণ্ড ১ -- | ||
| 650 |
_aহাদিস _9163538 |
||
| 650 |
_aHadith _9163539 |
||
| 942 |
_2ddc _cBK |
||
| 999 |
_c54860 _d54860 |
||